000
nam a22 7a 4500
999
_c
54762
_d
54762
003
OSt
005
20220912150936.0
008
220804b xxu||||| |||| 00| 0 eng d
040
_c
IIMT UNIVERSITY
100
_a
SHARMA R.A.
245
_a
TEACHER EDUCATION
260
_b
EINTERNATIONAL PUB.
_c
MEERUT
_a
2006
300
_a
507
942
_2
ddc
_c
09